00483nam a22001457a 4500020001500000040000900015082001800024100002800042245004300070260003400113650005100147942001200198999001900210952010800229 a0890067813 cNust a621.3825bELB aBruce R. Albert9127410 aThe satellite communication Handbook aBoston:bArtech House,c1997. aThe satellite communication Handbook9127411 2ddccBK c612541d612541 00102ddc4070aCEMEbCEMEcGENd2025-01-08l0o621.3825 ELBpCEME- 33450r2025-01-08w2025-01-08yBK